| Поле | Инд. | ПП | Название | Значение |
|---|---|---|---|---|
| Тип записи | a | |||
| Библиографический уровень | m | |||
| 001 | Контрольный номер | 45234c8695a44237a12e6a3027725625 | ||
| 005 | Дата корректировки | 20240418144920.2 | ||
| 008 | Кодируемые данные | 160711|||||||||ru |||||||||||||||||rus|| | ||
| 020 | a | ISBN | 978-5-4222-0290-4 | |
| 041 | 0_ | a | Код языка текста | rus |
| 084 | a | Индекс другой классификации/Индекс ББК | 28.082+28.5 | |
| 090 | a | Полочн. индекс | 28.082 | |
| x | Авторский знак | Х 21 | ||
| 100 | 1_ | a | Автор | Харламова М. Н. |
| 245 | 10 | a | Заглавие | Флуоресценция РОВ и водные растения |
| b | Продолж. заглавия | монография | ||
| c | Ответственность | М-во образования и науки Рос. Федерации, Мурман. аркт. гос. ун-т | ||
| 260 | a | Место издания | Мурманск | |
| b | Издательство | Изд-во МАГУ | ||
| c | Дата издания | 2016 | ||
| 300 | a | Объем | 123 с. | |
| b | Иллюстрации/ тип воспроизводства | граф. | ||
| 500 | a | Примечание | Имеется электрон. аналог 2016 г. | |
| 504 | a | Библиография | Библиогр.: с. 105-120 | |
| 650 | 04 | a | Основная рубрика | Ботаника-Монографии |
| 650 | 04 | a | Основная рубрика | Гидробиология-Монографии |
| 653 | 0_ | a | Ключевые слова | Биоценозы водные |
| a | Ключевые слова | Ботаника | ||
| a | Ключевые слова | Водоемы Мурманской области | ||
| a | Ключевые слова | Культивирование водных растений | ||
| a | Ключевые слова | Монографии | ||
| a | Ключевые слова | Растения | ||
| a | Ключевые слова | Растения водные | ||
| a | Ключевые слова | Флуоресценции водных сред | ||
| a | Ключевые слова | Флуоресценция ров | ||
| 710 | 12 | a | Организация/ юрисдикция | Мурманский арктический государственный университет |
| 901 | t | Тип документа | m | |
| 952 | c | Вид литературы | монография |